000 00903cam a2200301 4500
001 ABS63136
008 000000n2000 000 0 eng u
035 _a(Sirsi) u109650
245 _aRegional survey: West Midlands
260 _c2000
490 _aProperty Week
_v65(44) 10 November 2000, 49-74(9)
590 _aABS
650 _aWEST MIDLANDS
650 _aBIRMINGHAM
650 _aFASHION RETAILERS
650 _aPROPERTY-COMMERCIAL PROPERTY-RETAIL PROPERTY-RETAIL PROPERTY MARKET
650 _aTHE MAILBOX
650 _aE-COMMERCE
650 _aNETWORKS
650 _aFIBRE OPTICS
650 _aPROPERTY-COMMERCIAL PROPERTY-OFFICE PROPERTY-OFFICE PROPERTY MARKET
650 _aOFFICE SPACE
650 _aINDUSTRIAL MARKET
650 _aINVESTMENT MARKET
650 _aSHOPPING CENTRES
690 _aPROPERTY-COMMERCIAL PROPERTY-COMMERCIAL PROPERTY MARKET
942 _n0
999 _c65464
_d65464